Statystyki dla Top 10 największych gospodarek w Afryce

Kliknij tutaj aby rozwiązać quiz!

Ogólne statystyki

  • Ten quiz został rozwiązany 18 350 razy
  • Średni wynik to 8 z 10

Statystyki odpowiedzi

PKBPaństwo% Poprawnych
1496 mldEgipt
98%
809 mldRepublika Południowej Afryki
97%
339 mldMaroko
89%
691 mldAlgieria
87%
1233 mldNigeria
86%
269 mldEtiopia
70%
210 mldKenia
69%
212 mldTanzania
56%
209 mldAngola
53%
226 mldGhana
45%

Rozkład punktacji

Percentyl według liczby udzielonych odpowiedzi

Procent ludzi z każdym wynikiem

Twoja historia wyników

Nie rozwiązałeś tego quizu